| 000 | 00568nab a2200205 a 4500 | ||
|---|---|---|---|
| 005 | 20210219155402.0 | ||
| 008 | 991125s1985 mx 000 0 spa u | ||
| 035 | _aUPN01000144205 | ||
| 100 | 1 | _aGarcía Pérez, Francisco F | |
| 222 | _aINVESTIGACION EN LA ESCUELA | ||
| 245 | _aEl sentido de la educación como referente básico de la didáctica | ||
| 260 | _aSevilla, España | ||
| 300 | _a7-27 | ||
| 362 | 0 | _a2005 No. 55 | |
| 653 | 0 | _aDIDACTICA | |
| 653 | 0 | _aGLOBALIZACION | |
| 653 | 0 | _aNUEVAS TECNOLOGIAS | |
| 653 | 0 | _aINFORMACION | |
| 905 | _aArticulo | ||
| 999 |
_c116352 _d116352 |
||